Flags with Eagles on Them - Statistics

General Stats
  • This quiz has been taken 28 times
  • The average score is 8 of 9
Answer Stats
Picture Answer % Correct
Mexico
100%
Serbia
96%
Albania
92%
Kazakhstan
88%
Egypt
83%
Moldova
83%
Montenegro
79%
Zambia
79%
Zimbabwe
67%
No matching quizzes found
Score Distribution
Percent of People with Each Score
Percentile by Number Answered
Your Score History
You have not taken this quiz